000 00332nam a2200145Ia 4500
008 230711s9999||||xx |||||||||||||| ||und||
041 _aENG
082 _a720
_bRI-M
100 _aRik ,Muhamad
245 0 _aMasashru takasaki architects
250 _a2nd
260 _c1988
_aNew York
_bWendy W
650 _aArchitecture
942 _cBK
999 _c409
_d409